Normal view
MARC view
- Pawar K K (2K41033)
Entry Personal Name
001 - CONTROL NUMBER
- control field: 102243
003 - CONTROL NUMBER IDENTIFIER
- control field: OSt
005 - DATE AND TIME OF LATEST TRANSACTION
- control field: 20221007215925.0
008 - FIXED-LENGTH DATA ELEMENTS
- fixed length control field: 221007|| aca||aabn | a|a d
040 ## - CATALOGING SOURCE
- Original cataloging agency: OSt
- Transcribing agency: OSt
100 ## - HEADING--PERSONAL NAME
- Personal name: Pawar K K (2K41033)
670 ## - SOURCE DATA FOUND
- Source citation: Work cat.: (OSt)69404: Pawar K K (2K41033), Study of Distribution Channel of Shri Chatrapati Sahakari Sakhar Karkhana, 2006